| 000 | 01729cam a22005054i 4500 | ||
|---|---|---|---|
| 003 | PE-LiUPU | ||
| 005 | 20250731172908.0 | ||
| 008 | 170314s2015 nyu r 001 0 eng | ||
| 020 | _a110767767X | ||
| 020 | _a9781107677678 | ||
| 035 | _a(Sirsi) a167244 | ||
| 040 |
_aPE-LiUPU _bspa _cPE-LiUPU _erda |
||
| 049 | _aPRUA | ||
| 082 | 0 | 4 |
_a226.307 _bB67 _223 |
| 100 | 1 |
_aBock, Darrell L., _d1953- _eautor. |
|
| 245 | 1 | 0 |
_aMark / _cDarrell Bock. |
| 264 | 1 |
_aNew York : _bCambridge Univ. Press, _c2015. |
|
| 300 |
_axiv, 424 páginas ; _c23 Centímetros. |
||
| 336 |
_atext _2rdacontent |
||
| 337 |
_aunmediated _2rdamedia |
||
| 338 |
_avolume _2rdacarrier |
||
| 490 | 0 | _aNew Cambridge Bible commentary | |
| 505 | _aÍndices : páginas 415-424. | ||
| 505 | 0 | 0 | _aIntroduction to Mark -- Suggested readings on the Gospel of Mark -- Commentary on Mark. |
| 526 | _aSEG42 | ||
| 526 | _aSEG41 | ||
| 526 | _aSEG40 | ||
| 526 | _aSEG39 | ||
| 526 | _aP94 | ||
| 526 | _aP87 | ||
| 526 | _aP86 | ||
| 526 | _aP85 | ||
| 526 | _aP77 | ||
| 526 | _aP76 | ||
| 526 | _aP35 | ||
| 650 | 0 | 7 |
_aCristología. _2fast _0(OCoLC)fst01352288 |
| 650 | 0 | 7 |
_aHistoricidad de Jesucristo. _2fast _0(OCoLC)fst01353218 |
| 910 |
_ajck _bebj _cebj _d20160314 |
||
| 942 |
_2ddc _cBOOK |
||
| 949 |
_a226.307 B67 _wDEWEY _c1 _i75643 _lCATALOGING _mBUL _p34.00 _r0 _sY _tBOOK _u2016-03-14 _xTEOLOGIA _PP35 _o.STAFF. Colección General Teología _0compra |
||
| 994 |
_aC0 _bPEPRU |
||
| 596 | _a1 | ||
| 999 |
_a226.307 B67 _wLC _c15998 _i75643 _d15998 _f2021-11-9 _g4 _lCCODEBUL1 _mBUL _p34.00 _q2 _r0 _sY _tBOOK _u2017-3-14 _xTEOLOGIA _PP85 _0COMPRA _o.STAFF. Colección Teología |
||
| 980 |
_81 _gALBERTO SANCHEZ Responsable de Automatización |
||